Vista normal Vista MARC

Entrada Meeting Name

Número de registros utilizados en: 1

001 - CONTROL NUMBER

  • control field: 12395

003 - CONTROL NUMBER IDENTIFIER

  • control field: OSt

005 - DATE AND TIME OF LATEST TRANSACTION

  • control field: 20201123110321.0

008 - FIXED-LENGTH DATA ELEMENTS

  • fixed length control field: 201123|| aca||aabn | a|a d

040 ## - CATALOGING SOURCE

  • Original cataloging agency: OSt
  • Transcribing agency: OSt

111 ## - HEADING--MEETING NAME

  • Meeting name or jurisdiction name as entry element: Foro sobre Paz y Salud Mental en Colombia
  • Number of part/section/meeting: (2nd :
  • Date of meeting or treaty signing: 2005 :
  • Location of meeting: Montería, Colombia)

670 ## - SOURCE DATA FOUND

  • Source citation: Work cat.: (OSt)0: Foro sobre Paz y Salud Mental en Colombia (2nd : 2005 : Montería, Colombia), Un camino hacia la paz :, 2006.